000 00476nam a22001697a 4500
003 NUST - PNEC
005 20170116181135.0
008 151007b xxu||||| |||| 00| 0 eng d
020 _a-
040 _cLIBRARY
082 _a910 QAS
100 _914267
_aQasim Khan
245 _aTehzeeb ka safar: Europe ka saqafati, Lasani aur siyasi safarnama
_cQasim Khan
260 _aKarachi:
_bZafar Academy,
_c2013
650 _914268
_aSafarnama in Urdu
_xGeneral
942 _2ddc
_cBK
999 _c70210
_d70210